000 00843nam a2200265Ia 4500
001 21947
005 20260320113327.0
008 260320s9999||||xx |||||||||||||| ||und||
020 _a9786124861925
041 _aESP
082 _a355.0071185
_bB72
100 _aBolognesi Cervantes, Mariano,
_eAUT
245 0 _aProntuario de instrucción militar
_b
246 _a
_5
_b
250 _aPrimera edición
260 _aLima :
_bSomos Libres,
_c2025
300 _a175 páginas :
_bIlustraciones ;
_c24 cm.
_e
440 _a
_n
_v
650 _aCIS
653 _aCiencia militar; Educación militar - Estudio y enseñanza - Perú
654 _aCAN
700 _aCam, Luis Enrique,
_cEDT y PRO
856 _uhttps://0u20jm8nq-y-https-www-jstor-org.itmsp.museknowledge.com/
_zVéase además: Base de datos JSTOR
942 _cLIB
_dJUS
_fMAT
_2ddc
_n
999 _c21947
_d21947